It looks like you're offline.
Open Library logo
additional options menu

MARC record from Internet Archive

LEADER: 02865cam 2200505 a 4500
001 ocm51204706
003 OCoLC
005 20190923202947.0
008 021205s2003 ilu 000 1 eng
010 $a 2002154974
040 $aDLC$beng$cDLC$dOCL$dBAKER$dBTCTA$dYDXCP$dYVO$dTXBXL$dBDX$dOCLCF$dOCLCQ$dD8D$dOCLCO$dOCL$dDE#$dOCLCA$dZQP
020 $a1930846185$q(alk. paper)
020 $a9781930846180$q(alk. paper)
035 $a(OCoLC)51204706
050 00 $aPS3561.R46$bN68 2003
082 00 $a813/.54$221
100 1 $aKress, Nancy.
245 10 $aNothing human /$cNancy Kress.
250 $a1st ed.
260 $aUrbana, Ill. :$bGolden Gryphon Press,$c2003.
300 $a300 pages ;$c22 cm
336 $atext$btxt$2rdacontent
337 $aunmediated$bn$2rdamedia
338 $avolume$bnc$2rdacarrier
520 $aTold from the perspective of several generations of teenagers, this science fiction novel involves an Earth ravaged by mankind, high-tech manipulative aliens, and advanced genetics. Early in the 21st century, global warming has caused sickness and death among plants, animals, and humans. Suddenly aliens contact and genetically modify a group of 14-year-olds, inviting them to visit their spacecraft. After several months of living among the aliens and studying genetics, the students discover that the aliens have been manipulating them and rebel. Upon their return to Earth, the girls in the group discover that they are pregnant and can only wonder what form their unborn children will take. Generations later, the offspring of these children seek to use their alien knowledge to change their genetic code, to allow them to live and prosper in an environment that is quickly becoming uninhabitable from the dual scourges of global warming and biowarfare. But after all the generations of change, will the genetically modified creatures resemble their ancestors, or will nothing human remain?
650 0 $aGlobal warming$vFiction.
650 0 $aGenetic engineering$vFiction.
650 0 $aHuman-alien encounters$vFiction.
650 7 $aGenetic engineering.$2fast$0(OCoLC)fst00940027
650 7 $aGlobal warming.$2fast$0(OCoLC)fst00943506
650 7 $aHuman-alien encounters.$2fast$0(OCoLC)fst00963475
655 7 $aScience fiction.$2fast$0(OCoLC)fst01726489
655 7 $aFiction.$2fast$0(OCoLC)fst01423787
655 7 $aScience fiction.$2lcgft
655 4 $aScience fiction.
655 7 $aScience fiction.$2gsafd
938 $aBaker & Taylor$bBKTY$c26.95$d20.21$i1930846185$n0004131870$sactive
938 $aBrodart$bBROD$n00889873$c$26.95
938 $aBaker and Taylor$bBTCP$n2002154974
938 $aYBP Library Services$bYANK$n2092102
029 1 $aAU@$b000024288397
029 1 $aAU@$b000045879115
029 1 $aNZ1$b7367658
994 $aZ0$bP4A
948 $hNO HOLDINGS IN P4A - 166 OTHER HOLDINGS